000 00824nam a2200241Ia 4500
003 0
005 20260326164515.0
008 191130s1994##################000#0#eng##
020 _a9780520205086
040 _aACL
_cACL
050 _a508.07445
_bFIN
100 _aFindlen, Paula
245 _aPossessing nature : museums, collecting, and scientific culture in early modern Italy
_cPaula Findlen
260 _aBerkeley
_bUniversity of California Press
_c1994
300 _axvii, 449 p. : ill., map ; 23 cm
650 _aNatural history museums -- Europe -- History
650 _aNatural history museums -- Italy -- History
650 _aScience museums -- Europe -- History
650 _aScience museums -- Italy -- History
942 _2ddc
_cENGLISH
990 _a84794b99ac10000c4187a17dd40ab796
999 _c40364
_d40364